000 00799nam a22002657a 4500
001 9882
003 FISKH
005 20260311150357.0
008 260311b cb ||||| |||| 00| 0 eng d
020 _a9780316153898
040 _aFISKH
_beng
_cFISKH
_dFISKH
082 _a813
100 _aAlex Toys
245 _aPooch's new raincoat /
_cBy Alex Toys
250 _aFirst Edition : September 2006
260 _aNew York :
_bLittle, Brown and Company ,
_c2006 .
300 _a10 unnumbered pages :
_bcolor illustrations ;
_c14 X 18 cm .
505 _aD
520 _aA delightful board book for ages 3-6, complete with a cuddly Pooch
521 8 _a200
_bLexile estimate
521 8 _aD
_bRaz-Plus
650 _aRain
_vPicture Book
942 _2ddc
_cBK
_n0
999 _c9882
_d9882